000 01236nam a22002777a 4500
001 BD-DhSAU 9278
003 BD-DhSAU
005 20230121112112.0
008 150613b2018 bg a|||| m||| 00| 0 eng d
040 _aBD-DhSAU
082 _222
_a338.1
_bH27
100 _aHASAN, MESHKAT
_eRegistration No. # 13-05468
245 _aFinancial profitability and resource use efficiency of onion cultivation in some selected areas of faridpur district in bangladesh /
_bMS thesis
260 _aSher-e-Bangla Agricultural University :
_bDepartment of Economics,
_c2021
300 _ax, 75p. :
_bill. ;
_c30 cm.
500 _aMS thesis of Department of Economics, Faculty of Agribusiness , Sher-e-Bangla Agricultural University, Dhaka, Bangladesh
504 _aIncludes bibliographical reference.
590 _aNazmul
650 _aresource use efficiency of onion cultivation
650 _afaridpur district in bangladesh
651 _aoff- season vegetable cultivation
700 _aDr. Bazlul Ameen Ahmad Mustafi
_eSuperviser
700 _aProf. Gazi M. A. Jalil
_eCo-superviser
856 _uhttp://archive.saulibrary.edu.bd:8080/xmlui/handle/123456789/4749
942 _2ddc
_cTHESIS
999 _c16528
_d16527